<?xml version="1.0" encoding="UTF-8"?>
<collection xmlns="http://www.loc.gov/MARC21/slim">
 <record>
  <leader>02137nam a2200217Ia 4500</leader>
  <controlfield tag="001">CTU_164177</controlfield>
  <controlfield tag="008">210402s9999    xx            000 0 und d</controlfield>
  <datafield tag="020" ind1=" " ind2=" ">
   <subfield code="c">55.95</subfield>
  </datafield>
  <datafield tag="082" ind1=" " ind2=" ">
   <subfield code="a">651.73</subfield>
  </datafield>
  <datafield tag="082" ind1=" " ind2=" ">
   <subfield code="b">R363</subfield>
  </datafield>
  <datafield tag="100" ind1=" " ind2=" ">
   <subfield code="a">Reimold, Cheryl</subfield>
  </datafield>
  <datafield tag="245" ind1=" " ind2="4">
   <subfield code="a">The short road to great presentations :</subfield>
  </datafield>
  <datafield tag="245" ind1=" " ind2="0">
   <subfield code="b">how to reach any audience through focussed preparation, inspired delivery, and smart use of technology</subfield>
  </datafield>
  <datafield tag="245" ind1=" " ind2="0">
   <subfield code="c">Cheryl Reimold, Peter Reimold</subfield>
  </datafield>
  <datafield tag="260" ind1=" " ind2=" ">
   <subfield code="a">Hoboken, N.J.</subfield>
  </datafield>
  <datafield tag="260" ind1=" " ind2=" ">
   <subfield code="b">Wiley-Interscience</subfield>
  </datafield>
  <datafield tag="260" ind1=" " ind2=" ">
   <subfield code="c">2003</subfield>
  </datafield>
  <datafield tag="520" ind1=" " ind2=" ">
   <subfield code="a">Speakers bear the responsibility for communicating effectively with their audience: presenting a clear message, supporting it with well-structured explanations and examples, and delivering it with ease, grace, and good visuals. Unfortunately, this rarely happens, as anyone who has endured a substandard presentation knows only too well. The key for developing sound presentation skills need not, however, remain hidden. The Short Road to Great Presentations demystifies the art of public speaking as it shows you how to master the critical principles to make this skill an invaluable asset of your life and career.  Drawing on twenty years of experience in helping engineers, scientists, and business people develop powerful communication skills, PERC Communications founders Peter and Cheryl Reimold present an easy-to-follow program for crafting winning presentations. They focus on two principles: 1) find a message that is clearly meaningful and accessible to your audience, and 2) connect strongly with your audience throughout your presentation. In applying these principles to a series of step-by-step preparations and on-stage actions, the authors help speakers focus on their most vital content, strengthen their structure and delivery, and???perhaps, most important???eliminate stress and aggravation. Chapter topics in this reader-friendly guide include: Structuring your message for maximum effect. Preparing effective visuals</subfield>
  </datafield>
  <datafield tag="650" ind1=" " ind2=" ">
   <subfield code="a">Business presentations,Thuyết trình kinh doanh</subfield>
  </datafield>
  <datafield tag="904" ind1=" " ind2=" ">
   <subfield code="i">Năm</subfield>
  </datafield>
  <datafield tag="980" ind1=" " ind2=" ">
   <subfield code="a">Trung tâm Học liệu Trường Đại học Cần Thơ</subfield>
  </datafield>
 </record>
</collection>
